000 00596cam a2200229 i 4500
001 2772717
005 20180221034502.0
008 810108s1981 nyua b 001 0 eng
010 _a 80028517
020 _a0876302649
040 _aDLC
_cDLC
_dDLC
041 _aeng
060 _aWM 188 L29s
080 _a616.849 HER
082 0 0 _a616.849 HER
_219
100 1 _a4
101 _aSHM
245 1 0 _aSleep disorders :
_cby Henry Kellerman.
504 _aBibliography: p. 211-220.
906 _a7
_bcbc
_corignew
_d1
_eocip
_f19
_gy-gencatlg
942 _2ddc
_cBK
999 _c42989
_d42989